Born in Buffalo/New York - Statistics

General Stats
  • This quiz has been taken 34 times
    14 since last reset
  • The average score is 6 of 23
Answer Stats
Hint Answer % Correct
First lady of the United States from 1886 to 1889 and again from 1893 to 1897 and youngest wife of a sitting president ever 1864 Frances Cleveland
83%
Chief justice since 2005 1955 John Roberts
50%
Actor, "Deadwood" "Amadeus" "Beetlejuice" "The Hunt for Red October" 1946 Jeffrey Jones
42%
Actress, "The Good Wife" "Mamma Mia" "The Big Bang Theory" "Cybill" 1952 Christine Baranski
33%
Actor, known for his roles as Seeley Booth in "Bones" and Angel in "Angel" and "Buffy the Vampire Slayer" 1969 David Boreanaz
33%
Governor of New York since 2021 1958 Kathy Hochul
33%
Composer of film scores, "Zodiac" "The Conversation" "Saturday Night Fever" 1937 David Shire
25%
Tennis player, Australian and French Open quarterfinalist and daughter of the owners of the Buffalo Bills and Buffalo Sabres 1994 Jessica Pegula
25%
Actor, "Friday Night Lights" "Manchester by the Sea" "Super 8" "Godzilla" 1965 Kyle Chandler
25%
Former general manager of the Los Angeles Chargers and Las Vegas Raiders 1972 Tom Telesco
25%
One of the most succesful screenwriter of all time in term of box office, "Avengers: Infinity War" "Avengers: Endgame" "Captain America" films "Chronicles of Narnia" films 1969 Christopher Markus
17%
Writer, best known for creating "Green Hornet" and "Lone Ranger" 1903 Fran Striker
17%
Composer, best known for composing the songs for "The Wizard of Oz", including "Over the Rainbow" 1905 Harold Arlen
17%
Owner of the Anaheim Ducks 1954 Henry Samueli
17%
Chemist and co-discoverer of the element promethium 1918 Jacob A. Marinsky
17%
Actor, known for his roles as Jake Puckerman in "Glee" and Brandon Fletcher in "Quantico" 1992 Jacob Artist
17%
Billionaire and owner of the Boston Bruins 1940 Jeremy Jacobs
17%
Governor of Hawaii from 2010 to 2014 1938 Neil Abercrombie
17%
Right winger who plays for the Chicago Blackhawks and won the Hart Memorial Trophy and Art Ross Trophy in 2016 1988 Patrick Kane
17%
Actress, "Do Revenge" "West Side Story" "Never Rarely Sometimes Always" 2002 Talia Ryder
17%
Head of the Democratic National Committee from 2017 to 2021 and Secretary of Labor from 2013 to 2017 1961 Tom Perez
17%
Founding father of the CIA 1883 William J. Donovan
17%
Pioneer of the mail-order business model and commissioner of Frank Lloyd Wright's first major public work 1845 John D. Larkin
8%
No matching quizzes found
Score Distribution
Percent of People with Each Score
Percentile by Number Answered
Your Score History
You have not taken this quiz since the last reset